00609nam a2200157 a 450000100100000000500170001000800410002704000250006824500540009324600580014726000790020530000350028404900090031995201060032899900170043400003165020200930063058.0110629s1997 dr 000 0 spa d aDO-SdBNPbspacBNPHU00a15 aniversario, comunidad siervos de cristo vivo.10aQuince aniversario, comunidad siervos de cristo vivo. aSanto Domingo :bComunidad Siervos de Cristo Vivo,c1997.fAmigo del Hogar a29 p. :bil., retrs. ;c22 cm. aBNPD 00107-18PDaPDbPDcOId2011-06-29iLF1l0o p31650-10r2020-06-25w2020-06-25yLFPDZNo se presta c31142d31142